000 00518 a2200181 4500
003 OSt
005 20240207102830.0
008 240207b |||||||| |||| 00| 0 eng d
020 _a9789389325003
040 _coclc
082 _a920
_bKAZ/G
100 _aKazantzakis, Nikos
_96143
245 _aGreco Muthachchanulla Kurimanam /
_cNikos Kazantzakis
250 _a1st ed.
260 _aKozhikode:
_bOlive Publications,
_c2019.
300 _a634p.
942 _2ddc
_cBK
_h920
_iKAZ/G
_k920
_mKAZ/G
999 _c44333
_d44333